<?xml version="1.0" encoding="UTF-8"?>
<marc:record xmlns:marc="http://www.loc.gov/MARC21/slim">
   <marc:leader>00000nam a2200000 a 4500</marc:leader>
   <marc:datafield ind1="1" ind2=" " tag="100">
      <marc:subfield code="a">Old Elk, Kendall</marc:subfield>
      <marc:subfield code="4">aut</marc:subfield>
      <marc:subfield code="e">Verfasser/-in</marc:subfield>
   </marc:datafield>
   <marc:datafield ind1=" " ind2=" " tag="653">
      <marc:subfield code="a">Anthologie</marc:subfield>
   </marc:datafield>
   <marc:datafield ind1=" " ind2=" " tag="653">
      <marc:subfield code="a">Indianer</marc:subfield>
   </marc:datafield>
   <marc:datafield ind1=" " ind2=" " tag="653">
      <marc:subfield code="a">Nordamerika</marc:subfield>
   </marc:datafield>
   <marc:datafield ind1=" " ind2=" " tag="653">
      <marc:subfield code="a">Sagen</marc:subfield>
   </marc:datafield>
   <marc:datafield ind1="0" ind2="0" tag="245">
      <marc:subfield code="a">Geschichten vom Herzen der Welt</marc:subfield>
   </marc:datafield>
   <marc:datafield ind1=" " ind2="1" tag="264">
      <marc:subfield code="b">Storykeeper-Verl.</marc:subfield>
      <marc:subfield code="c">2015</marc:subfield>
   </marc:datafield>
   <marc:datafield ind1="1" ind2=" " tag="520">
      <marc:subfield code="a">Klappentext: "Das Herz der Welt" nennen die Appsalooke (Crow) ihre Heimat zwischen Yellowstone Park, Rocky Mountains und den Great Plains. Kendall OldElk erzählt in "Geschichten vom Herz der Welt" traditionelle Mythen und Sagen seines Volkes, die einzigartige Einblicke in die indigene Kultur der Apsalookee und ihre Historie geben. Der Leser erfährt, wie sie aufgrund eines Missverständnisses den Namen "Crow" von den Weißen erhielten, wie ihr Volk entstand, welche Klans und spirituellen Helfer es gibt. Faszinierende Aufzeichnungen aus erster Hand!</marc:subfield>
   </marc:datafield>
   <marc:datafield ind1="3" ind2=" " tag="024">
      <marc:subfield code="a">9783945295274</marc:subfield>
   </marc:datafield>
</marc:record>
